Minimalanforderung an Deutschkenntnisse des Reiseleiters als Promoter einer Destination

Na minha lista:
Detalhes bibliográficos
Autor principal: Blažević, Nevenka
Formato: Capítulo de Livro
Idioma:alemão
Assuntos:
Tags: Adicionar Tag
Sem tags, seja o primeiro a adicionar uma tag!

MARC

LEADER 00000naa$a2200000$$$4500
001 0021352
005 20221128113346.1
041 0 |a ger 
044 |a SK 
245 1 0 |a Minimalanforderung an Deutschkenntnisse des Reiseleiters als Promoter einer Destination  |c Nevenka Blažević 
610 2 0 |a ruch cestovný 
610 2 0 |a sprievodcovia 
610 2 0 |a jazyky cudzie 
610 2 0 |a nemčina 
610 2 0 |a komunikácia interpersonálna 
610 2 0 |a komunikácia sociálna 
610 2 0 |a Chorvátsko 
100 1 |a Blažević, Nevenka